000 00361nam a22001457a 4500
020 _qHB.
040 _cFIZZA ISHAQ
082 _a150
_bWOR
100 _aWORTMAN,CAMILLE.
_9131959
245 _aPSYCHOLOGY /
_cCAMILLE WORTMAN.
250 _a5TH ED.
260 _aNEW YORK:
_bMcGraw Hill College,
_c1999.
300 _a768 P. ;
_c10.1X8X1.3 IN
942 _2ddc
_cBK
999 _c615373
_d615373